000 00634nam a2200253Ia 4500
003 OSt
005 20221007103615.0
006 a|||||r|||| 00| 0
007 ta
008 221006b |||||||| |||| 00| 0 eng d
020 _a8180381390
024 _a13,584
037 _cTextual
040 _aLCO
_cLCO
_beng
041 _2eng
_aeng
082 _aZ1,6, P7
100 _aSetalvad Atul M.
245 0 _aConflict of Laws
260 _aNew
_bDelhi Lexis Nexis India
_c2007
300 _a730
650 _aCONFLICT OF LAWS
_9691085
942 _hZ1,6, P7
_cTEXL
999 _c1183147
_d1183147